[Event "Valencia Monteolivete op 4th"]
[Site "Valencia"]
[Date "2024.07.17"]
[Round "4"]
[White "Juan Mas, Santiago"]
[Black "Contreras Moliner, Angel"]
[Result "1-0"]
[WhiteElo "1998"]
[BlackElo "1782"]
[PlyCount "139"]
[EventDate "2024.07.15"]
[EventType "swiss"]
[EventRounds "9"]
[EventCountry "ESP"]
[SourceTitle "EXT 2025"]
[Source "ChessBase"]
[SourceDate "2024.10.14"]
[SourceVersion "1"]
[SourceVersionDate "2024.10.14"]
[SourceQuality "1"]

1. b3 d5 2. Bb2 Bg4 3. Nf3 Bxf3 4. exf3 e6 5. g3 Nf6 6. Bg2 c5 7. f4 Nc6 8. 0-0 Be7 9. d3 0-0 10. Nd2 Qc7 11. Nf3 Nd7 12. Re1 Bf6 13. Bxf6 Nxf6 14. Ne5 Nd7 15. Nxc6 bxc6 16. c4 a5 17. cxd5 cxd5 18. f5 Qd6 19. d4 Rac8 20. Qd2 Qb6 21. dxc5 Nxc5 22. Rad1 Rcd8 23. Qf4 Qb4 24. Qxb4 axb4 25. Rd4 Ra8 26. Rc1 Ne4 27. Bxe4 dxe4 28. Rxe4 exf5 29. Rxb4 Rxa2 30. Rc7 g6 31. Rbb7 Re8 32. Rc4 Re4 33. Rc8+ Kg7 34. Rcc7 Re1+ 35. Kg2 Ree2 36. Rxf7+ Kg8 37. Rfc7 Rxf2+ 38. Kg1 Rg2+ 39. Kf1 Rgf2+ 40. Ke1 Rfe2+ 41. Kd1 Rad2+ 42. Kc1 Rd8 43. Rg7+ Kf8 44. Rxh7 Kg8 45. Rhg7+ Kf8 46. Rbf7+ Ke8 47. Rc7 Kf8 48. Rxg6 Rxh2 49. Rf6+ Kg8 50. Rxf5 Ra8 51. Rc2 Rh1+ 52. Kb2 Rg1 53. Rf3 Kg7 54. b4 Raa1 55. Kb3 Rgb1+ 56. Rb2 Rc1 57. Rc3 Re1 58. Kc4 Re5 59. b5 Ra4+ 60. Kd3 Rg5 61. Kc2 Ra7 62. b6 Rb7 63. Rbb3 Kf8 64. Rc7 Rg7 65. Rxg7 Kxg7 66. Kc3 Kf6 67. Kc4 Ke6 68. Kc5 Kd7 69. Rf3 Rb8 70. b7 1-0